01161nam a2200277 a 450000100100000000500170001000800410002702000150006804000250008304100390010808200150014710000320016224000630019424501310025726000290038830000210041749000500043853400770048850000350056565000370060070000430063783000580068004900090073895201190074799900170086600002320120260520104306.0101130s1979 mx 000 0 spa d a8430908005 aDO-SdBNPbspacBNPHU17aspabeng2Código de idiomas MARC a327bH711c1 aHoffmann, Stanley H.94775810aContemporary theory in internaticonal relation.lEspañol10aTeorías contemporáneas sobrelas relaciones internacionales /cStanley H. Hoffmann ; traducción M. D. López Martínez. aMadrid :bTecnos,c1979. a351 p. ;c23 cm.1 aCiencias Sociales. Relaciones internacionales a[Título en inglés] ;tContemporary theory in international relations aIncluye índice alfabético. 0aRelaciones internacionales 93991 aLópez Martínez, M. D.,etr.947759 0aCiencias Sociales.pRelaciones internacionales947760 aBNGR 001054708MOaGRbGRcCTd2010-11-30iLF1l0o327 H711cp23201-10r2020-06-25w2020-06-25y4ZPréstamo en sala c22698d22698